|
|
|
|
| LEADER |
01229nam a2200325 i 4500 |
| 001 |
c000328339 |
| 003 |
CARM |
| 005 |
00000000000000.0 |
| 008 |
780626s1979 enka b 00110 eng |
| 010 |
|
|
|a 78015402 //r942
|
| 019 |
1 |
|
|a 1220466
|z 23050847
|z 51272470
|z 57711012
|5 LACONCORD2021
|
| 020 |
|
|
|a 0064933482 :
|c $22.50
|
| 035 |
|
|
|a (OCoLC)4056752
|5 LACONCORD2021
|
| 043 |
|
|
|a a-ii---
|
| 050 |
0 |
0 |
|a HN683.5
|b .J58 1979
|
| 082 |
0 |
0 |
|a 309.1/54/04
|
| 100 |
1 |
|
|a Johnson, B. L. C.
|q (Basil Leonard Clyde),
|d 1919-
|
| 245 |
1 |
0 |
|a India, resources and development /
|c B. L. C. Johnson.
|
| 260 |
|
|
|a London ;
|b Heinemann Educational Books ;
|a New York :
|b Barnes & Noble Books,
|c 1979.
|
| 300 |
|
|
|a xi, 211 p. :
|b ill. ;
|c 26 cm.
|
| 500 |
|
|
|a Includes index.
|
| 504 |
|
|
|a Bibliography: p. [206]
|
| 650 |
|
0 |
|a Agriculture
|z India.
|
| 650 |
|
0 |
|a Industries
|z India.
|
| 651 |
|
0 |
|a India
|x Social conditions
|y 1947-
|
| 651 |
|
0 |
|a India
|x Population.
|
| 651 |
|
0 |
|a India
|x Economic conditions
|y 1947-
|
| 852 |
8 |
|
|b CARM
|h A1:AO12C0
|i F02458
|p 0401442
|f BK
|
| 999 |
f |
f |
|i 334fce91-1e4f-5c9c-aed7-4e6a8832a37b
|s 449b3aa2-2986-5fae-9366-0dda9d31575b
|
| 952 |
f |
f |
|p Can circulate
|a CAVAL
|b CAVAL
|c CAVAL
|d CARM 1 Store
|e F02458
|f A1:AO12C0
|h Other scheme
|i book
|m 0401442
|